00673 a2200145 4500003000500000005001700005040000900022082001200031100001900043245003600062260002500098300001000123505037300133650002100506Nust20221018135106.0 cNust a620,HAW aHawks ,Ellison aHow it is made /cEllison Hawks aLondonbOdhams Press a383:p aHow Ships are Made (Page-4), How Aeroplanes are Made (Page-40), How Railways are Made (Page-90), How Motor Cars are Made (Page-128), How Bridges are Made (Page-170), How Roads are Made (Page-212), How Tunnels are Made (Page-242), How Newspapers are Made (Page-276), How Films are Made (Page-298), How Radio Receiver and Made (Page-330), How Houses are Made (Page-350). aPower and Energy